Chelsea FC Current FIFA Club World Cup 2025 Squad - Statistics

General Stats
  • This quiz has been taken 22 times
  • The average score is 20 of 29
Answer Stats
# Position Nation Player Name % Correct
10 FW England Cole Palmer
100%
8 MF Argentina Enzo Fernñandez
90%
3 DF Spain Marc Cucurella
90%
7 FW Portugal Pedro Neto
90%
1 GK Spain Robert Sánchez
90%
24 DF England Reece James
85%
5 DF France Benoît Badiashile
80%
- Coach Italy Enzo Maresca
80%
6 DF England Levi Colwill
80%
9 FW England Liam Delap
80%
27 DF France Malo Gusto
80%
25 MF Ecuador Moisés Caicedo
80%
15 FW Senegal Nicolas Jackson
80%
12 GK Denmark Filip Jörgensen
75%
11 FW England Noni Madueke
75%
18 FW France Christopher Nkunku
70%
4 DF England Tosin Adarabioyo
70%
23 DF England Trevoh Chalobah
70%
38 FW Spain Marc Guiu
65%
45 MF Belgium Roméo Lavia
65%
22 MF England Kiernan Dewsbury-Hall
60%
17 MF Brazil Andrey Santos
50%
32 FW England Tyrique George
50%
14 MF Portugal Dário Essugo
45%
44 GK United States Gaga Slonina
45%
19 DF France Mamadou Sarr
40%
30 DF Argentina Aarón Anselmino
35%
39 GK Belgium Mike Penders
35%
34 DF England Josh Acheampong
30%
No matching quizzes found
Score Distribution
Percent of People with Each Score
Percentile by Number Answered
Your Score History
You have not taken this quiz